Las mujeres en las empresas del sector TIC en Córdoba /
Saved in:
| Format: | Book |
|---|---|
| Published: |
Córdoba :
Universidad Blas Pascal,
2016.
|
| LEADER | 00399nam a22001097a 4500 | ||
|---|---|---|---|
| 003 | AR-BeUNQ | ||
| 005 | 20191016121302.0 | ||
| 999 | |c 32470 |d 116270 | ||
| 245 | |a Las mujeres en las empresas del sector TIC en Córdoba / |c Jorge Jaimez, Sergio Martínez, Victoria Córdoba. | ||
| 260 | |a Córdoba : |b Universidad Blas Pascal, |c 2016. | ||
| 929 | |a CANJE |b Universidad Blas Pascal |d 40,00 |e 20170905 |f PAT0067791 |l caja 20 | ||
| 942 | |c LIB |n 1 | ||